| 000 | 00765nam a2200217 a 4500 | ||
|---|---|---|---|
| 005 | 20140412111237.0 | ||
| 008 | 010417s19uu xx 00 eng d | ||
| 020 | _a0-516-47841-9 | ||
| 050 |
_aM 551.2 _bRa124 1987 |
||
| 100 | _aRadlauer, Ed | ||
| 245 |
_aEarthquakes / _cby Ed and Ruth Radlauer. |
||
| 260 |
_aChicago : _bChildrens Press, _c1987. |
||
| 300 | _a48p. ; ill. | ||
| 440 | _aA Radlauer geo book | ||
| 500 | _aIncludes index. | ||
| 520 | _aExplores what causes earthquakes, where the tremendous power of a quake comes from, why they occur without warning, and whether it is possible to predict earthquakes. | ||
| 650 | _aEarthquakes-Juvenile literature | ||
| 650 | _aSeismology-Juvenile literature | ||
| 650 | _aEarthquakes | ||
| 999 |
_c102486 _d102486 |
||